000 00637nam a2200241Ia 4500
003 OSt
005 20220925203053.0
006 a|||||r|||| 00| 0
007 ta
008 220923b |||||||| |||| 00| 0 eng d
037 _cGeneral Book
040 _aRTL
_cRTL
_beng
041 _2eng
_aeng
082 _a2:51, L9;M1
100 _aKrishan Kumar
245 0 _aTheory of classification
250 _a2nd
260 _aDelhi
_bVikas India
_c1981
300 _a538p. Bib chapterwise
_ccm.
650 _aLibrary Sicence
_9231926
942 _h2:51, L9;M1
_cGB
_2CC
999 _c545093
_d545093